[Event "FICGS rapid A 000196 email"]
[Site "FICGS email"]
[Date "2016.12.10"]
[Round "1"]
[White "Green, Jonathan"]
[Black "De la Foret, Fred"]
[Result "0-1"]
[WhiteElo "1988"]
[BlackElo "1900"]
[PlyCount "28"]
[EventDate "2016.??.??"]
[EventType "tourn (rapid)"]
[EventRounds "6"]
[SourceTitle "Corr 2022"]
[Source "ChessBase"]
[SourceDate "2021.10.24"]
[SourceVersion "1"]
[SourceVersionDate "2021.10.24"]
[SourceQuality "1"]

1. d4 f5 2. g3 Nf6 3. Bg2 e6 4. c4 Be7 5. Nf3 0-0 6. 0-0 c5 7. Nc3 Ne4 8. Qd3 Nc6 9. Nxe4 Nb4 10. Qb1 fxe4 11. Qxe4 d5 12. Qb1 e5 13. Nxe5 Bf5 14. e4 dxe4 0-1

[Event "FICGS rapid A 000196 email"]
[Site "FICGS email"]
[Date "2016.12.10"]
[Round "1"]
[White "Green, Jonathan"]
[Black "Sorbi, Luca"]
[Result "0-1"]
[WhiteElo "1988"]
[BlackElo "1927"]
[PlyCount "34"]
[EventDate "2016.??.??"]
[EventType "tourn (rapid)"]
[EventRounds "6"]
[SourceTitle "Corr 2022"]
[Source "ChessBase"]
[SourceDate "2021.10.24"]
[SourceVersion "1"]
[SourceVersionDate "2021.10.24"]
[SourceQuality "1"]

1. d4 Nf6 2. c4 e6 3. Nc3 Bb4 4. f3 d5 5. a3 Bxc3+ 6. bxc3 c5 7. cxd5 Nxd5 8. dxc5 Qa5 9. e4 Ne7 10. Be3 0-0 11. Qb3 Qc7 12. Nh3 e5 13. Nf2 Nec6 14. Nd3 Be6 15. Qc2 Na5 16. Nb4 Nd7 17. c4 Rac8 0-1

[Event "FICGS class C 000251 email"]
[Site "FICGS email"]
[Date "2016.11.28"]
[Round "1"]
[White "Cirulis, Ilmars"]
[Black "Green, Jonathan"]
[Result "1/2-1/2"]
[WhiteElo "1866"]
[BlackElo "1988"]
[PlyCount "54"]
[EventDate "2016.??.??"]
[EventType "tourn (corr)"]
[EventRounds "1"]
[SourceTitle "Corr 2022"]
[Source "ChessBase"]
[SourceDate "2021.10.24"]
[SourceVersion "1"]
[SourceVersionDate "2021.10.24"]
[SourceQuality "1"]

1. b4 d5 2. a3 e5 3. Bb2 Bd6 4. Nf3 Qe7 5. e3 Nf6 6. d4 exd4 7. Nxd4 a5 8. b5 0-0 9. c4 c5 10. bxc6 Nxc6 11. cxd5 Nxd5 12. Nc3 Nxe3 13. fxe3 Qxe3+ 14. Qe2 Qxd4 15. Ne4 Bb4+ 16. axb4 Qxb4+ 17. Bc3 Qe7 18. Ng3 Be6 19. Kf2 b5 20. Re1 b4 21. Ba1 a4 22. Qe3 Rfb8 23. Bd3 b3 24. Bxg7 Qa7 25. Bf6 a3 26. Ne4 Qxe3+ 27. Rxe3 Nb4 1/2-1/2

[Event "FICGS class C 000241 email"]
[Site "FICGS email"]
[Date "2016.04.17"]
[Round "1"]
[White "Brodie, Peter"]
[Black "Green, Jonathan"]
[Result "0-1"]
[WhiteElo "1800"]
[BlackElo "2040"]
[PlyCount "70"]
[EventDate "2016.??.??"]
[EventType "tourn (corr)"]
[EventRounds "1"]
[SourceTitle "Corr 2022"]
[Source "ChessBase"]
[SourceDate "2021.10.24"]
[SourceVersion "1"]
[SourceVersionDate "2021.10.24"]
[SourceQuality "1"]

1. e4 c5 2. c4 Nc6 3. Nc3 g6 4. Nf3 Bg7 5. Be2 d6 6. 0-0 Nf6 7. d3 0-0 8. h3 Nd7 9. Be3 Nde5 10. Qd2 Nxf3+ 11. Bxf3 Nd4 12. Bg4 e6 13. Rab1 b6 14. Bg5 f6 15. Be3 Qd7 16. Bxd4 cxd4 17. Nb5 Bb7 18. Qf4 Rad8 19. Nxa7 f5 20. exf5 gxf5 21. Bh5 Kh8 22. Nb5 Be5 23. Qd2 Rg8 24. f3 Qe7 25. g4 Qh4 26. Qg2 Rdf8 27. Nc7 fxg4 28. Bxg4 h5 29. Nxe6 Rf6 30. Ng5 hxg4 31. hxg4 Rxg5 32. Rf2 Bxf3 33. Rxf3 Rxg4 34. Rxf6 Qh2+ 35. Kf1 Qxg2+ 0-1

[Event "FICGS class C 000235 email"]
[Site "FICGS email"]
[Date "2015.12.13"]
[Round "1"]
[White "Dialfonso, Darren"]
[Black "Green, Jonathan"]
[Result "1/2-1/2"]
[WhiteElo "2104"]
[BlackElo "1980"]
[PlyCount "76"]
[EventDate "2015.??.??"]
[EventType "tourn (corr)"]
[EventRounds "1"]
[SourceTitle "Corr 2022"]
[Source "ChessBase"]
[SourceDate "2021.10.24"]
[SourceVersion "1"]
[SourceVersionDate "2021.10.24"]
[SourceQuality "1"]

1. d4 f5 2. g3 Nf6 3. Bg2 g6 4. Nf3 Bg7 5. 0-0 0-0 6. c4 d6 7. Nc3 c6 8. d5 e5 9. dxe6 Bxe6 10. b3 Na6 11. Bb2 Qe7 12. Ng5 Bd7 13. Qd2 h6 14. Nh3 Be6 15. Rad1 Rad8 16. Qc1 Rfe8 17. Rfe1 Nc5 18. Nf4 Bf7 19. e4 fxe4 20. b4 Ncd7 21. h4 g5 22. Nxe4 Nxe4 23. Bxg7 Kxg7 24. Rxe4 Qf6 25. hxg5 hxg5 26. Nh3 Rxe4 27. Bxe4 g4 28. Ng5 Re8 29. Nxf7 Kxf7 30. Qb1 a6 31. a4 Kg7 32. Kg2 Re7 33. Rh1 Qc3 34. Bd3 Nf6 35. a5 Re5 36. Rc1 Qd2 37. Rd1 Qc3 38. Kg1 Re7 1/2-1/2

[Event "FICGS class C 000235 email"]
[Site "FICGS email"]
[Date "2015.12.13"]
[Round "1"]
[White "Green, Jonathan"]
[Black "Cirulis, Ilmars"]
[Result "1-0"]
[WhiteElo "1980"]
[BlackElo "1891"]
[PlyCount "73"]
[EventDate "2015.??.??"]
[EventType "tourn (corr)"]
[EventRounds "1"]
[SourceTitle "Corr 2022"]
[Source "ChessBase"]
[SourceDate "2021.10.24"]
[SourceVersion "1"]
[SourceVersionDate "2021.10.24"]
[SourceQuality "1"]

1. d4 a6 2. c4 e6 3. Nc3 d5 4. cxd5 exd5 5. Bf4 Nc6 6. e3 Bf5 7. Nf3 Nf6 8. Bd3 Bxd3 9. Qxd3 Bb4 10. 0-0 0-0 11. Bg5 Be7 12. Rac1 Na7 13. Bxf6 Bxf6 14. e4 dxe4 15. Nxe4 Rc8 16. Rfe1 Nb5 17. h3 Nd6 18. Qb3 Nxe4 19. Rxe4 Rb8 20. Ne5 Qd6 21. g3 c6 22. Kg2 Qc7 23. Ng4 Bg5 24. Rce1 Kh8 25. R4e2 Rbd8 26. h4 f5 27. hxg5 fxg4 28. Re7 Qa5 29. Qe6 Qxg5 30. Re4 Qd5 31. Qxd5 Rxd5 32. Rxg4 g6 33. Rh4 h5 34. Rxb7 Rdf5 35. f4 Rd5 36. Rh1 Rfd8 37. Rc1 1-0

[Event "FICGS class C 000234 email"]
[Site "FICGS email"]
[Date "2015.11.27"]
[Round "1"]
[White "Duenas, Alexis"]
[Black "Green, Jonathan"]
[Result "1/2-1/2"]
[WhiteElo "1910"]
[BlackElo "1980"]
[PlyCount "62"]
[EventDate "2015.??.??"]
[EventType "tourn (corr)"]
[EventRounds "1"]
[SourceTitle "Corr 2022"]
[Source "ChessBase"]
[SourceDate "2021.10.24"]
[SourceVersion "1"]
[SourceVersionDate "2021.10.24"]
[SourceQuality "1"]

1. d4 f5 2. g3 Nf6 3. Bg2 g6 4. Nf3 Bg7 5. 0-0 0-0 6. c4 d6 7. Nc3 Qe8 8. Nd5 Nxd5 9. cxd5 Nd7 10. Ng5 Nb6 11. a4 c6 12. dxc6 bxc6 13. d5 c5 14. Qc2 Rb8 15. Bd2 h6 16. Ne6 Bxe6 17. dxe6 Kh7 18. e4 fxe4 19. Qxe4 Rf5 20. Qc2 Nd5 21. Bc3 Nxc3 22. bxc3 c4 23. Rab1 Rxb1 24. Rxb1 Re5 25. Be4 d5 26. Bf3 Qc6 27. Rd1 Rf5 28. Bg4 Rf8 29. h4 h5 30. Bxh5 Qxe6 31. Qe2 Qxe2 1/2-1/2

[Event "FICGS class C 000216 email"]
[Site "FICGS email"]
[Date "2015.02.07"]
[Round "1"]
[White "Mevel, Alberic"]
[Black "Green, Jonathan"]
[Result "1/2-1/2"]
[WhiteElo "1858"]
[BlackElo "1859"]
[PlyCount "58"]
[EventDate "2015.??.??"]
[EventType "tourn (corr)"]
[EventRounds "4"]
[SourceTitle "Corr 2022"]
[Source "ChessBase"]
[SourceDate "2021.10.24"]
[SourceVersion "1"]
[SourceVersionDate "2021.10.24"]
[SourceQuality "1"]

1. d4 f5 2. Bg5 g6 3. Nd2 h6 4. Bh4 Bg7 5. e3 Nf6 6. f4 0-0 7. Ngf3 c5 8. c3 d5 9. Ne5 Kh7 10. Be2 Be6 11. 0-0 Nbd7 12. Bxf6 Nxf6 13. dxc5 Qc7 14. b4 Nd7 15. Nef3 Bg8 16. Nd4 e5 17. Nb5 Qd8 18. fxe5 Nxe5 19. Nf3 b6 20. Nxe5 Bxe5 21. c6 Rf6 22. Nd4 Bxd4 23. cxd4 Rxc6 24. Qd2 Rac8 25. Rfc1 Qe7 26. g3 Rxc1+ 27. Rxc1 Rxc1+ 28. Qxc1 Qxb4 29. Qc7+ Kh8 1/2-1/2

[Event "FICGS class C 000213 email"]
[Site "FICGS email"]
[Date "2014.09.16"]
[Round "1"]
[White "Green, Jonathan"]
[Black "Ropokis, Dimitrios"]
[Result "1-0"]
[WhiteElo "1800"]
[BlackElo "1616"]
[PlyCount "81"]
[EventDate "2014.??.??"]
[EventType "tourn (corr)"]
[EventRounds "4"]
[SourceTitle "Corr 2022"]
[Source "ChessBase"]
[SourceDate "2021.10.24"]
[SourceVersion "1"]
[SourceVersionDate "2021.10.24"]
[SourceQuality "1"]

1. e4 b6 2. d4 Bb7 3. Bd3 e6 4. Nf3 c5 5. c3 cxd4 6. cxd4 Nf6 7. Qe2 d6 8. Nc3 Be7 9. 0-0 0-0 10. Rd1 Nbd7 11. a4 Rc8 12. Bd2 h6 13. Rac1 e5 14. h3 Re8 15. dxe5 dxe5 16. Nh4 Nc5 17. Bc4 Qc7 18. Nf5 Bf8 19. Nd5 Bxd5 20. exd5 Qd7 21. Ne3 a6 22. b4 Nce4 23. Bxa6 Rxc1 24. Rxc1 Nxd2 25. Bb5 Qe7 26. Bxe8 Qxb4 27. Bc6 Nde4 28. Rc4 Qb1+ 29. Qd1 Qxd1+ 30. Nxd1 Ba3 31. Rc2 g6 32. Nb2 Bc5 33. Kf1 h5 34. Nc4 h4 35. Nxe5 Kf8 36. Nc4 Be7 37. Nxb6 Bb4 38. Nc4 Nc5 39. d6 Ncd7 40. a5 Bxd6 41. Nxd6 1-0